| 000 | 01331nam a2200313 c 4500 | ||
|---|---|---|---|
| 003 | BLK | ||
| 005 | 20230506024440.0 | ||
| 008 | 180410b bul|||||r ||||||| ||bul|| | ||
| 010 | _aKNG00170457000 | ||
| 020 |
_a954-8004-03-8 _bиздат.: Абагар-МК'90 |
||
| 040 | _aBLK | ||
| 041 |
_aBUL _cBUL |
||
| 080 |
_aАнглийска литература _b821.111 _x-31 _z821.111-31 |
||
| 100 | 1 |
_aРид, Томас Майн _d1818-1883 _eпърви автор _9365222 |
|
| 700 | 1 |
_aПодвързачов, Здравко Димитров _eпрев. от англ. _9379703 |
|
| 139 |
_aРид, Томас Майн _bР 59 |
||
| 245 | 1 | 0 |
_aГаучото Гаспар _bРоман за юноши _cТомас Майн Рид; прев. от англ. Здравко Димитров Подвързачов. |
| 250 | _a2. осъвр. изд. | ||
| 257 | _aGBR | ||
| 260 |
_аСофия _bАбагар-МК'90 _c1991 _fВраца : Полипринт |
||
| 300 |
_a136 с. _c20 см |
||
| 380 | _aX | ||
| 500 | _a1. изд. 1947 на изд. Слънце със загл. Гаспар Гаучо. - Ориг. загл. Gaspar the gaucho. - 20 000 тир. | ||
| 852 | _aЦб 166059 | ||
| 856 | 4 |
_qpdf _u |
|
| 856 | 4 |
_qpdf _u |
|
| 942 |
_cKNG _n0 |
||
| 944 |
_aCR _c29.01.2015 _kСимона_Петрова |
||
| 944 |
_aED _c20.09.2017 _kСевдалина_Василева |
||
| 999 |
_c163067 _d163067 |
||